Loading...
| Science - Chemistry | 4 | 4 | 1 | 0 | 95 | 25 | 52.63 | 7 | 8 | 0.00 | 0.00 |
| Science - Physics | 2 | 6 | 0 | 0 | 90 | 44 | 70.50 | 4 | 8 | 0.00 | 0.00 |
| Science - Other | 2 | 5 | 0 | 0 | 80 | 59 | 78.86 | 4 | 7 | 0.00 | 0.00 |
| Philosophy | 1 | 6 | 0 | 1 | 75 | 68 | 98.00 | 4 | 7 | 0.00 | 0.00 |
| History - World | 1 | 5 | 0 | 1 | 65 | 57 | 108.67 | 1 | 6 | 0.00 | 0.00 |
| Fine Arts - Auditory | 1 | 5 | 2 | 0 | 55 | 48 | 88.17 | 2 | 6 | 0.00 | 0.00 |
| Literature - European | 0 | 5 | 0 | 2 | 50 | 80 | 128.20 | 2 | 5 | 0.00 | 0.00 |
| Fine Arts - Visual | 2 | 3 | 2 | 0 | 50 | 41 | 93.00 | 5 | 5 | 0.00 | 0.00 |
| Mythology | 0 | 4 | 0 | 0 | 40 | 76 | 112.00 | 3 | 4 | 0.00 | 0.00 |
| Literature - American | 0 | 4 | 0 | 1 | 40 | 96 | 117.00 | 0 | 4 | 0.00 | 0.00 |
| History - American | 0 | 4 | 0 | 1 | 40 | 99 | 114.50 | 0 | 4 | 0.00 | 0.00 |
| Literature - World | 0 | 4 | 0 | 2 | 40 | 119 | 133.75 | 0 | 4 | 0.00 | 0.00 |
| Fine Arts - Other | 0 | 4 | 1 | 1 | 35 | 95 | 130.75 | 1 | 4 | 0.00 | 0.00 |
| Pop Culture | 0 | 3 | 0 | 0 | 30 | 130 | 134.00 | 0 | 3 | 0.00 | 0.00 |
| Religion | 0 | 3 | 1 | 0 | 25 | 101 | 109.67 | 1 | 3 | 0.00 | 0.00 |
| Social Science | 0 | 3 | 2 | 0 | 20 | 76 | 91.67 | 2 | 3 | 0.00 | 0.00 |
| History - European | 0 | 2 | 0 | 0 | 20 | 96 | 107.50 | 1 | 2 | 0.00 | 0.00 |
| Literature - British | 0 | 2 | 0 | 0 | 20 | 101 | 117.50 | 1 | 2 | 0.00 | 0.00 |
| History - Other | 0 | 2 | 1 | 0 | 15 | 101 | 112.50 | 1 | 2 | 0.00 | 0.00 |
| Current Events | 1 | 0 | 0 | 0 | 15 | 39 | 39.00 | 1 | 1 | 0.00 | 0.00 |
| Religion- Edited | 0 | 1 | 0 | 0 | 10 | 84 | 84.00 | 1 | 1 | 0.00 | 0.00 |
| Science - Biology | 0 | 1 | 2 | 0 | 0 | 66 | 66.00 | 1 | 1 | 0.00 | 0.00 |
| Religion- | 0 | 0 | 0 | 0 | 0 | 0.00 | 0 | 0 | 0.00 | 0.00 |